Johns Hopkins Alumni - Statistics

General Stats
  • This quiz has been taken 6 times
  • The average score is 8 of 11
Answer Stats
Hint Answer % Correct
Mayor of New York City from 2002 to 2013 Michael Bloomberg
100%
President of the United States from 1913 to 1921 Woodrow Wilson
100%
United States Secretary of State from 1997 to 2001 and first woman to hold that post Madeleine Albright
80%
Vice President from 1969 to 1973 Spiro Agnew
80%
Director, "A Nightmare on Elm Street" "Scream" Wes Craven
80%
Governor of Maryland since 2023 Wes Moore
80%
Journalist, television news anchor and one of the principal anchors of CNN Wolf Blitzer
80%
Co-founder of Intel Gordon Moore
60%
Vice President of Taiwan from 2016 to 2020 and Premier of Taiwan from 2023 to 2024 Chen Chien-jen
40%
Nobel Peace Prize winning political activist for her work in banning anti-personnel landmines Jody Williams
40%
Actor, known for his role as Gomez Addams in "The Addams Family" John Astin
40%
No matching quizzes found
Score Distribution
Percent of People with Each Score
Percentile by Number Answered
Your Score History
You have not taken this quiz